Class structure in contemporary Japan (Record no. 1319254)

MARC details
000 -LEADER
fixed length control field 00626nam a2200217Ia 4500
005 - DATE AND TIME OF LATEST TRANSACTION
control field 20250507130349.0
008 - FIXED-LENGTH DATA ELEMENTS--GENERAL INFORMATION
fixed length control field 008 250505s9999 xx 000 0 eng d
020 ## - INTERNATIONAL STANDARD BOOK NUMBER
International Standard Book Number 1-8768-4371-3
037 ## - SOURCE OF ACQUISITION
Stock number Annuals, Advances
040 ## - CATALOGING SOURCE
Original cataloging agency EASL
Language of cataloging eng
Transcribing agency EASL
041 ## - LANGUAGE CODE
Language code of text/sound track or separate title eng
Source of code eng
084 ## - COLON CLASSIFICATION NUMBER
Classification number Y5.42, P3
Assigning agency EASL
100 ## - MAIN ENTRY--PERSONAL NAME
Personal name Hashimoto Kenji Au.
9 (RLIN) 665331
245 #0 - TITLE STATEMENT
Title Class structure in contemporary Japan
260 ## - PUBLICATION, DISTRIBUTION, ETC.
Place of publication, distribution, etc. Australia
Name of publisher, distributor, etc. Melbourne Trans pacific press
Date of publication, distribution, etc. 2003
300 ## - PHYSICAL DESCRIPTION
Extent 254p.
365 ## - TRADE PRICE
Price type code Y
Price amount 3,898
490 ## - SERIES STATEMENT
Series statement Japanese Society
942 ## - ADDED ENTRY ELEMENTS (KOHA)
Koha item type Textual
Classification part Y5.42, P3

No items available.

Copyright @ Delhi University Library System